| 000 | 00638nam a2200205 u 4500 | ||
|---|---|---|---|
| 005 | 20250617063830.0 | ||
| 008 | 160803s2009 mx r 000 0 spa d | ||
| 020 | _a9786074000917 | ||
| 035 | _aUPN01000212059 | ||
| 049 | _aI | ||
| 050 | 4 |
_aAG243 _bD6.8 |
|
| 100 | 1 |
_aDoneiger, Jorge, _d1965- _939822 |
|
| 245 | 1 | 3 |
_aUn libro en tamaño real / _cJorge Doneiger ; il. Guido Chouela. |
| 260 |
_aMéxico : _bOcéano, _c2009. |
||
| 300 |
_a[52] p. : _bil. col. |
||
| 650 | 4 |
_aCURIOSIDADES Y MARAVILLAS _95026 |
|
| 650 | 4 |
_aCiencias naturales _xEstudio y enseñanza _9256 |
|
| 650 | 4 |
_aLibros y lectura para niños _92290 |
|
| 905 | _aInfantil | ||
| 999 |
_c184159 _d184159 |
||